000 00788am a2200289a 44500
003 AR-BaBNM
005 20251128211024.0
008 052020s2000 Arg|||||||||||000 | esp||
020 _a950-514-553-5
040 _cAR-BaBNM
100 1 _aLeocata, Francisco
245 1 0 _aLa educación y las instituciones
250 _a1ª ed.
260 _aBuenos Aires
_bEdebé
_c2000
300 _a159 p.
490 0 _aDidáctica
504 _aContiene referencias bibliográficas p. 157-158
650 4 _aFINALIDADES DE LA EDUCACION
650 4 _aPOLITICA EDUCATIVA
650 4 _aPAPEL DE LA EDUCACION
650 4 _aPAPEL DE LA FAMILIA
650 4 _aINSTITUCIONES RELIGIOSAS
650 4 _aEDUCACION LAICA
653 _aINSTITUCIONES EDUCATIVAS
942 _cBK
998 _craquel
999 _c17928
_d17928